<?xml version="1.0" encoding="UTF-8"?>
<marc:record xmlns:marc="http://www.loc.gov/MARC21/slim">
   <marc:leader>00000nam a2200000 a 4500</marc:leader>
   <marc:datafield ind1="1" ind2=" " tag="100">
      <marc:subfield code="a">Andrack, Manuel</marc:subfield>
      <marc:subfield code="4">aut</marc:subfield>
      <marc:subfield code="e">Verfasser/-in</marc:subfield>
   </marc:datafield>
   <marc:datafield ind1=" " ind2=" " tag="653">
      <marc:subfield code="a">Menschheit</marc:subfield>
   </marc:datafield>
   <marc:datafield ind1=" " ind2=" " tag="653">
      <marc:subfield code="a">sechzehn Touren</marc:subfield>
   </marc:datafield>
   <marc:datafield ind1=" " ind2=" " tag="653">
      <marc:subfield code="a">Weltgeschichte</marc:subfield>
   </marc:datafield>
   <marc:datafield ind1="0" ind2="0" tag="245">
      <marc:subfield code="a">Schritt für Schritt</marc:subfield>
   </marc:datafield>
   <marc:datafield ind1="0" ind2="0" tag="245">
      <marc:subfield code="b">Wanderungen durch die Weltgeschichte</marc:subfield>
   </marc:datafield>
   <marc:datafield ind1="0" ind2="0" tag="245">
      <marc:subfield code="c">Manuel Andrack</marc:subfield>
   </marc:datafield>
   <marc:datafield ind1=" " ind2="1" tag="264">
      <marc:subfield code="a">München</marc:subfield>
      <marc:subfield code="b">Malik</marc:subfield>
      <marc:subfield code="c">2016</marc:subfield>
   </marc:datafield>
   <marc:datafield ind1="1" ind2=" " tag="520">
      <marc:subfield code="a">Auf griechischen Ziegenpfaden, in Römersandalen und auf den Spuren der Fischweiber von Paris - auf rund sechzehn Touren erlebt Manuel Andrack Wendepunkte der Weltgeschichte nach. Indem er durch das Neandertal streift, wie Martin Luther gen Rom aufbricht und bei der Erkundung der  Schwedenlöcher  die Sächsische Schweiz durchquert, beleuchtet er die Bedeutung des Wanderns und seine verschiedenen Aspekte. So zeigt er bei einer Runde um den Thunersee, wo Sepp Herberger 1954 die Taktik für den Fußball-WM-Sieg entwickelte, auch, dass Gehen das Denken beflügeln kann. Anhand unterschiedlichster Themenbereiche stellt Manuel Andrack nicht nur Landschaften und Wanderziele vor, sondern marschiert humorvoll und sachkundig durch die Geschichte.</marc:subfield>
   </marc:datafield>
   <marc:datafield ind1=" " ind2=" " tag="020">
      <marc:subfield code="a">9783890294605</marc:subfield>
      <marc:subfield code="9">9783890294605</marc:subfield>
   </marc:datafield>
   <marc:datafield ind1=" " ind2=" " tag="020">
      <marc:subfield code="a">389029460X</marc:subfield>
      <marc:subfield code="9">389029460X</marc:subfield>
   </marc:datafield>
   <marc:datafield ind1=" " ind2=" " tag="300">
      <marc:subfield code="a">320</marc:subfield>
   </marc:datafield>
</marc:record>
